Compliance jako jeden ze základních atributů stabilní finanční instituce

Vysvetlenie a definícia pojmu compliance. Compliance vo finančnom sektore. Špecifickosť finančného sektora. Funkcie compliance: implementačná, informačná, kontrolná a nápravná, vzdelávacia. Dôsledky nesplnenia požiadaviek compliance. Právne zakotvenie požiadavky compliance. Nástroje zabezpečenia fun...

Descrizione completa

Salvato in:
Dettagli Bibliografici
Autore principale: Pazderová, Sabina
Natura: Capitolo di libro
Lingua:ceco
Soggetti:
Tags: Aggiungi Tag
Nessun Tag, puoi essere il primo ad aggiungerne!!

MARC

LEADER 00000nla a2200000 4500
001 0247813
005 20240417075145.8
041 0 |a cze 
044 |a CZ 
245 1 0 |a Compliance jako jeden ze základních atributů stabilní finanční instituce  |c Sabina Pazderová 
520 |a Vysvetlenie a definícia pojmu compliance. Compliance vo finančnom sektore. Špecifickosť finančného sektora. Funkcie compliance: implementačná, informačná, kontrolná a nápravná, vzdelávacia. Dôsledky nesplnenia požiadaviek compliance. Právne zakotvenie požiadavky compliance. Nástroje zabezpečenia funkcie compliance. 
610 2 0 |a inštitúcie finančné 
610 2 0 |a regulácia 
610 2 0 |a smernice 
610 2 0 |a predpisy právne 
610 2 0 |a zodpovednosť právna 
610 2 0 |a etika podniková 
610 2 0 |a stabilita finančná 
610 2 0 |a riadenie podnikové 
610 2 0 |a reputácia podniku 
610 2 0 |a Európska únia 
610 2 0 |a Česko 
100 1 |a Pazderová, Sabina